| 000 | 00590nam a2200205Ia 4500 | ||
|---|---|---|---|
| 001 | 1130 | ||
| 003 | GE_BSU | ||
| 008 | 181216s||||||||xx |||||||||||||| ||und|| | ||
| 040 | _cGE_BSU | ||
| 080 | _a630 | ||
| 100 | _aგიგაური, გიორგი | ||
| 245 | _aსაქართველოს ტყეები. | ||
| 245 | _cრედ.მერაბ სვანიძე. | ||
| 260 | _aთბილისი | ||
| 260 | _c2004 | ||
| 300 | _a326 გვ. 25 სმ. | ||
| 541 | _h15 ლ. | ||
| 653 | _aსაქართველოს ტყეები | ||
| 942 | _cBK | ||
| 999 |
_c35281 _d35281 |
||